000 01878cam a2200313I 4500
001 mechanicalapplia00hisc
003 CaSfIA
005 20210118184729.0
007 cr||||
008 770914s1927 nyua 001 0 eng
010 _a 27014011
040 _aDLC
_cGAT
_dGAT
_dOCLCG
_dCaSfIA
035 _a(OCoLC)3262373
050 0 _aTJ181
_b.H7 1927
100 1 _aHiscox, Gardner Dexter,
_d1822?-1908.
245 1 0 _aMechanical appliances, mechanical movements and novelties of construction;
_h[electronic resource]
_ba complete work and a continuation, as a second volume, of the author's book entitled "Mechanical movements, powers and devices" ... including an explanatory chapter on the leading conceptions of perpetual motion existing during the past three centuries,
_cby Gardner Hiscox. Containing one thousand specially made illustrations.
250 _a6th rev. and enl. ed.
260 _aNew York,
_bHenley Pub. Co.,
_c1927.
300 _a412 p.
_billus., diagrs.
_c24 cm.
530 _aAlso issued online.
650 0 _aMechanical movements.
776 0 8 _iOnline version:
_aHiscox, Gardner Dexter, 1822?-1908.
_tMechanical appliances, mechanical movements and novelties of construction.
_b6th rev. and enl. ed.
_dNew York, Henley Pub. Co., 1927
_w(OCoLC)601775794
029 1 _aAU@
_b000027910642
856 4 1 _uhttp://www.archive.org/details/mechanicalapplia00hisc
_zFree eBook from the Internet Archive
856 4 2 _uhttp://www.openlibrary.org/books/OL6703219M
_zAdditional information and access via Open Library
942 _cEB
506 _fНеобхідна авторизація на https://archive.org/ (створення облікового запису безкоштовно)
506 _fНеобхідна авторизація на https://openlibrary.org/ (створення облікового запису безкоштовно)
999 _c524234
_d524234